00298 a2200109 4500001000700000020000600007040001100013100003800024240006100062245005600123362000900179167633 a  cMagnum aSantos, Edmilson Santos Dos (Org)10aEducacao fisica escolar: por uma cultura desportivalpor10aEducacao fisica escolar: por uma cultura desportiva0 a1899